|
|
|
|
| LEADER |
00976nnm a2200277 i 4500 |
| 001 |
eta3962 |
| 005 |
20240301104318.0 |
| 008 |
201202suuuu hu o 0|| eng d |
| 040 |
|
|
|a SZTE Elektronikus Tananyag Archívum
|b hun
|
| 041 |
|
|
|a eng
|
| 100 |
1 |
|
|a Polyánka Hilda
|
| 245 |
1 |
0 |
|a Characterization of UV-B induced cellular processes in a keratinocyte cell line (HPV-KER) immortalized with the HPV-E6 oncogene
|h [elektronikus dokumentum] /
|c Polyánka Hilda
|
| 300 |
|
|
|a 1
|
| 516 |
|
|
|a Teaching_resource
|
| 650 |
|
4 |
|a Orvos- és egészségtudomány
|
| 700 |
0 |
1 |
|a Szabó Kornélia
|e aut
|
| 700 |
0 |
1 |
|a Tax Gábor
|e aut
|
| 700 |
0 |
1 |
|a Erdei Lilla
|e aut
|
| 700 |
0 |
1 |
|a Göblös Anikó
|e aut
|
| 700 |
0 |
1 |
|a Tubak Vilmos
|e aut
|
| 700 |
0 |
1 |
|a Újfaludi Zsuzsanna
|e aut
|
| 700 |
0 |
1 |
|a Boros Imre
|e aut
|
| 700 |
0 |
1 |
|a Bata Zsuzsanna
|e aut
|
| 700 |
0 |
1 |
|a Kemény Lajos
|e aut
|
| 700 |
0 |
1 |
|a Széll Márta
|e aut
|
| 856 |
4 |
0 |
|u https://eta.bibl.u-szeged.hu/3962/1/2010-0012_139_04.pdf
|z Dokumentum-elérés
|